Перемешиватель бурового раствора с улучшенными характеристиками; Ресурсоэффективным технологиям - энергию и энтузиазм молодых

Bibliografiske detaljer
Parent link:Ресурсоэффективным технологиям - энергию и энтузиазм молодых.— 2013.— [С. 23-24]
Hovedforfatter: Ивкина О. П. Ольга Петровна
Institution som forfatter: Национальный исследовательский Томский политехнический университет (ТПУ) Институт физики высоких технологий (ИФВТ) Кафедра теоретической и прикладной механики (ТПМ)
Andre forfattere: Ан И-Кан
Summary:Заглавие с титульного листа
Sprog:russisk
Udgivet: 2013
Serier:Рациональное природопользование и глубокая переработка природных ресурсов
Fag:
Online adgang:http://www.lib.tpu.ru/fulltext/c/2013/C08/009.pdf
Format: Electronisk Book Chapter
KOHA link:https://koha.lib.tpu.ru/cgi-bin/koha/opac-detail.pl?biblionumber=240961

MARC

LEADER 00000naa2a2200000 4500
001 240961
005 20251209160643.0
035 |a (RuTPU)RU\TPU\book\262223 
035 |a RU\TPU\book\262220 
090 |a 240961 
100 |a 20130628d2013 k y0rusy50 ca 
101 0 |a rus 
102 |a RU 
135 |a drcn ---uucaa 
200 1 |a Перемешиватель бурового раствора с улучшенными характеристиками  |f О. П. Ивкина, Ан И-Кан 
215 |a 1 файл(405 Кб) 
225 1 |a Рациональное природопользование и глубокая переработка природных ресурсов 
300 |a Заглавие с титульного листа 
320 |a [Библиогр.: с. 24 (3 назв.)] 
337 |a Adobe Reader 
463 1 |0 (RuTPU)RU\TPU\book\260564  |t Ресурсоэффективным технологиям - энергию и энтузиазм молодых  |o сборник докладов IV Университетской конференции студентов Элитного технического образования, г. Томск, 24 -27 апреля 2013 г.  |f Национальный исследовательский Томский политехнический университет (ТПУ)  |v [С. 23-24]  |d 2013 
610 1 |a труды учёных ТПУ 
610 1 |a электронный ресурс 
610 1 |a перемешиватели 
610 1 |a буровые растворы 
610 1 |a вращательное бурение 
610 1 |a редукторы 
700 1 |a Ивкина  |b О. П.  |g Ольга Петровна 
701 0 |a Ан И-Кан  |c специалист в области теоретической и прикладной механики  |c профессор Томского политехнического университета, доктор технических наук  |3 (RuTPU)RU\TPU\pers\29480 
712 0 2 |a Национальный исследовательский Томский политехнический университет (ТПУ)  |b Институт физики высоких технологий (ИФВТ)  |b Кафедра теоретической и прикладной механики (ТПМ)  |3 (RuTPU)RU\TPU\col\18695 
801 1 |a RU  |b 63413507  |c 20130205 
801 2 |a RU  |b 63413507  |c 20220329  |g RCR 
856 4 |u http://www.lib.tpu.ru/fulltext/c/2013/C08/009.pdf 
942 |c CF